Joeurs de l'équipe belge en Russie (2018) - Statistiques

Statistiques générales
  • Ce quiz a été pris 31 fois
  • Le résultat moyen est 10 sur 23
Answers on the Grid
Answers color-coded by a green-red scale on the quiz's grid according to % correct below.
Eden Hazard
Moussa Dembele
Dries Mertens
Jan Verthongen
Matz Sels
Simon Mignolet
Youri Tielemans
Axel Witsel
Jordan Lukaku
Thomas Meunier
Marouane Fellaini
Adnan Januzaj
Koen Casteels
Michy Batshuayi
Timothy Castagne
Nacer Chadli
Thibaut Courtois
Vincent Kompany
Leander Dondoncker
Christiant Benteke
Thomas Vermaelen
Yannick Carrasco
Thorgan Hazard
Lois Openda
Laurent Ciman
Romelu Lukaku
Toby Alderweireld
Christian Kabasele
Divock Origi
Kevin De Bruyne
 
Statistiques - réponses
Réponse % Correct
Dries Mertens
100%
Eden Hazard
100%
Jan Verthongen
95%
Axel Witsel
90%
Moussa Dembele
76%
Simon Mignolet
67%
Thomas Meunier
67%
Marouane Fellaini
57%
Youri Tielemans
52%
Adnan Januzaj
43%
Michy Batshuayi
38%
Thibaut Courtois
38%
Nacer Chadli
33%
Vincent Kompany
24%
Yannick Carrasco
24%
Kevin De Bruyne
19%
Koen Casteels
19%
Romelu Lukaku
19%
Thorgan Hazard
19%
Thomas Vermaelen
14%
Toby Alderweireld
14%
Leander Dondoncker
5%
Laurent Ciman
0%
Aucun quiz correspondant
Distribution des résultats
% des personnes avec chaque résultat
Percentile par nombre de réponses
Votre historique - résultats
Vous n’avez pas pris ce quiz